MDQL
is popping MORE tags! Check the
thread
!
Quizzes
Events
Quiz Creation
Community
Videos
Private Events
Remove Ads
Sign In
Join for FREE
Feedback
Dark Mode
Quiz Categories
Sports
Geography
Music
Movies
Television
Just For Fun
Miscellaneous
History
Literature
Language
Science
Gaming
Entertainment
Religion
Holiday
For Kids
Quiz Lab
Recent
Popular Today
Quiz Kudos Today
Editor Picks
Curator Picks
Quizzes by...
Day
Popularity
Type
Ratings
Length
Year
Community
Subscriptions
Recent Discussions
Orange Saloon
Badges
Playlists
Quests
Create
Leaderboards
Showdown
Live 5
Trivia Bingo
Activity
Puzzle Library
Sporcle Events
Private Events
Virtual Trivia
Globe League
Become a Host
Pub Owners
SporcleCon
Opinionation
Our Games
Videos
Blog
Mobile Apps
Partnerships
Remove Ads and Go Orange
Feedback
Miscellaneous
Crossword
General Knowledge
Baby Names
Logo
Food
Cars
Numbers
Grab Bag
University
College
Popular
Company
Slogans
Restaurants
Justice
Letter
Miscellaneous
Crossword
General Knowledge
Baby Names
Logo
Food
Cars
Numbers
Grab Bag
University
College
Popular
Company
Slogans
Restaurants
Justice
Letter
Random Quiz
Search Sporcle
×
Quiz Lab
Quiz Lab
Miscellaneous
Perfect
Type in answers that appear in a list
Type in answers that appear in a list
Classic
Best Score? Go Orange.
Perfecting Polygons Stats
Can you name the polygons?
By
svallen3
5m
10 Questions
173 Plays
173 Plays
173 Plays
Comments
Comments
Give Quiz Kudos
Give Quiz Kudos
-
- Ratings
hide this ad
Forced Order
Answers have to be entered in order
Answers have to be entered in order
Random Order
Randomize order of answers
Randomize order of answers
Replay
Link that replays current quiz
Next Quiz
Link to next quiz in quiz playlist
You Got
0%
They Got
Avg Score
83%
Avg Friend Score
Upgrade to see
Score Distribution
Jump to the score distribution portion of the page
Score
0/10
Timer
05:00
0
Plays Today
Question
Answer
% Correct
A three sided polygon
triangle
92.5%
A parallelogram with four congruent sides and four right angles
square
90.2%
A triangle with three congruent sides
equilateral
87.9%
A parallelogram with four right angles
rectangle
85%
A triangle with two congruent sides
isosceles
84.4%
A four sided polygon
quadrilateral
83.2%
A triangle with no sides congruent
scalene
82.1%
A parallelogram with four congruent sides
rhombus
78%
A quadrilateral with one pair of parallel sides
trapezoid
78%
A quadrilateral with opposite sides parallel
parallelogram
77.5%
Quiz Playlist
Details
Report
Send in Message
Add To Playlist
Classic:
Type in answers that appear in a list
Forced Order:
Answers have to be entered in order
Random Order:
Randomize order of answers
Last Updated: Feb 16, 2017
Quiz Scoreboard
CHALLENGE
Sign Up to Join the Scoreboard
Show All
Scores
Hide
Comments
May contain spoilers
Recently Published
Colored Red Africa Blitz
by spor1
Geography
30s
Find the 'City' Movie
by crazypaving
Movies
60s
5x2 Blitz: Bands
by SL_Kpop136
Music
30s
More to Explore
Quiz From the Vault
Featured Blog Post
14 Easter Pick-up Lines to Find Eggs With
hide this ad
You Might Also Like...
Tags
Perfect
Polygon
Today's Top Quizzes in Miscellaneous
Browse Miscellaneous
hide this ad
Today's Top Quizzes in Perfect
Browse Perfect
Top Contributed Quizzes in Miscellaneous
1
5-to-1: Fast Food
2
9x9 Crossword: Disney Movie Titles
3
9x9 Crossword: Charlie and the Chocolate Factory
4
The JOE quick-fire general knowledge quiz: Day 174
5
9x9 Crossword: Nickelodeon
6
9x9 Crossword: Flags
7
9x9 Crossword: Pixar Movie Titles
8
9x9 Crossword: 2022 Movies
9
9x9 Crossword: Halloween
10
9x9 Crossword: Actors
Explore More
Trending Topics
Crossword
Disney
Anime
NBA
Kpop
Harry Potter
Marvel
Country
Song
NFL
Puzzle
Pokémon
WWE
The Office
Soccer
hide this ad
More By:
svallen3
Quiz
Plays
Rating
Category
Featured
Created
Perfecting Polygons
173
3.33
Miscellaneous
Jan 5, 2010
Go to Creator's Profile
Score Distribution
Quiz Creator Spotlight
svallen3
Follow
Send a Message
Quizzes Created
-
Created Quiz Play Count
-
More By This Creator
Popular Quizzes Today
1
Find the 'City' Movie
2
5x2 Blitz: Bands
3
Colored Red Africa Blitz
4
Find the US States - No Outlines Minefield
5
The Countries of the World
6
Find the US States
7
9x9 Crossword: Cartoon Network
8
US States
More Miscellaneous Quizzes
'J' Sorting Gallery
Published
Trending Quizzes
Colored Red Europe Blitz I
Colored Red Africa Blitz II
Colored Red Europe Blitz III
Colored Red Europe Blitz II
Colored Red Africa Blitz III
Recently Updated
Champions League XIs: Real Madrid
pecheneg
Largest US Cities 1790-2010
pecheneg
Rides in Walt Disney World
pecheneg
Most Oscar Losses (Acting)
pecheneg
Beyoncé Albums
pecheneg
Leaping Animals
pecheneg
Reality TV Shows (A-Z)
bhenderson79
Rickey Henderson's Hall of Fame Teammates
pecheneg
Champions League XIs: Arsenal
pecheneg
Quick Pick: Celebrities in WWE's Hall of Fame
aduchscher
Trending Topics
Marvel
Kpop
Anime
NBA
Crossword
Harry Potter
Disney
Soccer
Country
Song
Pokémon
NFL
The Office
WWE
Puzzle
Your Account Isn't Verified!
In order to create a playlist on Sporcle, you need to verify the email address you used during registration. Go to your
Sporcle Settings
to finish the process.
Report this User
Report this user for behavior that violates our
Community Guidelines
.
Details:
Send Report
Go to the Sporcle.com Mobile Site →
Comments